000 01195nam a2200313 i 4500
003 DO-SdBNP
005 20250128193629.0
006 a||||gr|||| 00| 0
007 ta
008 230512t2022 dr abc|gr|||| 001 edspa d
020 _a9789945926101
040 _aDO-SdBNP
_bspa
_cBNPHU
_erda
082 4 _222
_bP949h
100 1 _934151
_aPrieto Nouel, Luis José,
_d1949-
245 1 0 _aLa historia de la familia Victoria contada por sus descendientes:
_binvestigación genealógica./
_cLuis José Prieto Nouel, Luis O. Victoria Corominas y Louis Paienwuonsky; prólogo, Edwin Espinal Hernández
264 3 0 _aSanto Domingo :
300 _a624 páginas :
_bIlustraciones, mapa, retratos ;
_c27 cm.
336 _2rdaconten
_atexto
_btxt
337 _2rdamedia
_asin medición
_bn
338 _2rdacarrier
_avolumen
_bnc
500 _aIncluye datos biográficos de los autores en la contracubierta
501 _aIncluye índices
504 _aBibliografía: páginas 558 -559
590 _aInventariado 2023 / MF
700 1 _aVictoria Corominas, Luis O.
_983373
700 1 _aPaienwuonsky, Louis.
_983374
700 1 _aEspinal Hernández, Edwin,
_d1971-
_eprólogo
_98396
942 _2ddc
_cLBS1
999 _c53503
_d53503